[Event "Rhein Main op 09th"]
[Site "Bad Homburg"]
[Date "2006.06.15"]
[Round "3.41"]
[White "Lesic, Ivan"]
[Black "Schneider, Udo"]
[Result "1/2-1/2"]
[WhiteElo "1479"]
[BlackElo "1915"]
[PlyCount "127"]
[EventDate "2006.06.14"]
[EventType "swiss"]
[EventRounds "7"]
[EventCountry "GER"]
[SourceTitle "CBM 112 Extra"]
[Source "ChessBase"]
[SourceDate "2006.07.14"]
[SourceVersion "1"]
[SourceVersionDate "2006.07.14"]
[SourceQuality "1"]

1. e4 e6 2. d4 d5 3. Nc3 Nf6 4. Bd3 c5 5. e5 Nfd7 6. Be3 cxd4 7. Bxd4 Nc6 8. Nf3 Nxd4 9. Nxd4 Nxe5 10. Qe2 Nxd3+ 11. Qxd3 Bd7 12. 0-0 Be7 13. Rae1 0-0 14. f4 Qb6 15. Kh1 Bf6 16. Nf3 Bc6 17. Ne5 Rac8 18. Rf3 d4 19. Rh3 g6 20. Ng4 Bg7 21. Nd1 f5 22. Ne5 Bxe5 23. fxe5 Be4 24. Qg3 Rxc2 25. Rg1 Qc6 26. Qg5 b5 27. Rg3 f4 28. Rg4 f3 29. h4 fxg2+ 30. Kh2 Bf3 31. Rxd4 Qc5 32. Rd7 Bc6 33. Rd8 Kg7 34. Rxf8 Qxf8 35. Ne3 Rxb2 36. Ng4 Kh8 37. Nf6 Rf2 38. Qc1 Bd5 39. Qc7 Rxf6 40. exf6 Qxf6 41. Qc8+ Kg7 42. Qc7+ Kh6 43. Qc1+ Kh5 44. Qg5+ Qxg5 45. hxg5 Kxg5 46. a3 Kg4 47. Rc1 a5 48. Rb1 Bc4 49. Rc1 Bf1 50. Rc7 h5 51. Rc6 Kf5 52. a4 bxa4 53. Rc5+ e5 54. Rxa5 g5 55. Rxa4 e4 56. Kg1 h4 57. Ra8 e3 58. Rf8+ Kg4 59. Rf7 e2 60. Re7 Kf5 61. Re8 g4 62. Re7 h3 63. Re8 g3 64. Re5+ 1/2-1/2